000 00224nam a22001097a 4500
003 SGT
082 _a346,BAR
100 _aBARE,ACT
245 _aDIVORCE ACT,1869
260 _aNEW DELHI
_bEASTERN BOOKS
_c2015
942 _2ddc
_cBK
999 _c11609
_d11609